[Event "1516VL"]
[Site "Mecklenburg-Vorpommern"]
[Date "2015.11.15"]
[Round "3.8"]
[White "Barth, Richard"]
[Black "Weinstein, Arkadi"]
[Result "0-1"]
[WhiteElo "1501"]
[BlackElo "1681"]
[PlyCount "60"]
[EventDate "2015.10.11"]
[EventType "team-tourn"]
[EventRounds "9"]
[EventCountry "GER"]
[SourceDate "2015.09.20"]
[WhiteTeam "SV BW Grevesmuehlen"]
[BlackTeam "SF Schwerin IV"]
[WhiteTeamCountry "GER"]
[BlackTeamCountry "GER"]

1. Nf3 g6 2. c4 Bg7 3. d4 d6 4. Nc3 e6 5. Bg5 Ne7 6. e3 O-O 7. Bd3 Nd7 8. Qc2
c6 9. h3 d5 10. c5 f6 11. Bf4 e5 12. dxe5 fxe5 13. Bh2 e4 14. Bxe4 dxe4 15.
Nxe4 Qa5+ 16. Nfd2 Qb4 17. Rb1 Nf6 18. Nxf6+ Bxf6 19. Qc4+ Qxc4 20. Nxc4 Bf5
21. Rd1 b5 22. Nd6 Be6 23. b3 Bc3+ 24. Ke2 Bb4 25. Rc1 a5 26. Ne4 Bd5 27. f3 a4
28. Bd6 Bxe4 29. fxe4 Rf7 30. Rhf1 axb3 0-1

[Event "1516VL"]
[Site "Mecklenburg-Vorpommern"]
[Date "2015.11.15"]
[Round "3.1"]
[White "Zentgraf, Robert"]
[Black "Ruesch, Hans Joachim"]
[Result "1/2-1/2"]
[WhiteElo "2142"]
[BlackElo "1919"]
[PlyCount "67"]
[EventDate "2015.10.11"]
[EventType "team-tourn"]
[EventRounds "9"]
[EventCountry "GER"]
[SourceDate "2015.09.20"]
[WhiteTeam "SAV Torgelow"]
[BlackTeam "SFO Warnemuende"]
[WhiteTeamCountry "GER"]
[BlackTeamCountry "GER"]

1. e4 g6 2. d4 c5 3. Nf3 Bg7 4. Nc3 Nc6 5. d5 Nd4 6. Nxd4 cxd4 7. Nb5 Qb6 8.
Bd3 a6 9. Na3 Qc7 10. Bg5 e5 11. Qe2 h6 12. Bd2 b5 13. Nb1 d6 14. a4 bxa4 15.
Rxa4 f5 16. Ba5 Qf7 17. f3 Nf6 18. Nd2 O-O 19. Nc4 fxe4 20. Bxe4 Nxe4 21. fxe4
Qf4 22. Bd2 Qh4+ 23. g3 Qh3 24. Rg1 Bg4 25. Qg2 Qxg2 26. Rxg2 Bf3 27. Re2 Bxe2
28. Kxe2 Rf6 29. Be1 Bf8 30. Na5 Rf7 31. Nc6 Rb7 32. b4 Kf7 33. Ra3 Ke8 34. Bd2
1/2-1/2

[Event "1516VL"]
[Site "Mecklenburg-Vorpommern"]
[Date "2015.11.15"]
[Round "3.2"]
[White "Wolke, Heiko"]
[Black "Ehlers, Michael"]
[Result "1-0"]
[WhiteElo "1961"]
[BlackElo "1945"]
[PlyCount "95"]
[EventDate "2015.10.11"]
[EventType "team-tourn"]
[EventRounds "9"]
[EventCountry "GER"]
[SourceDate "2015.09.20"]
[WhiteTeam "SFO Warnemuende"]
[BlackTeam "SAV Torgelow"]
[WhiteTeamCountry "GER"]
[BlackTeamCountry "GER"]

1. e4 c5 2. Nf3 d6 3. Bc4 Nc6 4. O-O g6 5. c3 Nf6 6. Re1 Bg7 7. d4 cxd4 8. Nxd4
O-O 9. Nd2 Ne5 10. Be2 a6 11. h3 Nfd7 12. N4f3 b5 13. a4 bxa4 14. Nxe5 Bxe5 15.
Nc4 Bg7 16. Bf3 Rb8 17. Rxa4 Nc5 18. Ra3 Be6 19. Ne3 Bb3 20. Qe2 Qd7 21. Nc2
Rfc8 22. Nd4 Ba4 23. b4 Bxd4 24. cxd4 Nb3 25. Qb2 Rxb4 26. d5 Rcb8 27. Bh6 Nd4
28. Qc3 Nxf3+ 29. Qxf3 f6 30. Raa1 Rc4 31. h4 Rb3 32. Qe2 Bb5 33. Qd2 Rbc3 34.
h5 Qg4 35. hxg6 hxg6 36. Ra2 g5 37. e5 fxe5 38. Bxg5 Kg7 39. Bxe7 Rb3 40. Bxd6
e4 41. Bg3 Rd3 42. Qb2+ Kf7 43. Qe5 Rcd4 44. Qc7+ Ke8 45. Rae2 Rxg3 46. fxg3
Rd1 47. Qe5+ Kd8 48. Rxe4 1-0

[Event "1516VL"]
[Site "Mecklenburg-Vorpommern"]
[Date "2015.11.15"]
[Round "3.3"]
[White "Schmekel, Florian"]
[Black "Hamann, Dirk"]
[Result "1/2-1/2"]
[WhiteElo "1929"]
[BlackElo "1911"]
[PlyCount "88"]
[EventDate "2015.10.11"]
[EventType "team-tourn"]
[EventRounds "9"]
[EventCountry "GER"]
[SourceDate "2015.09.20"]
[WhiteTeam "SAV Torgelow"]
[BlackTeam "SFO Warnemuende"]
[WhiteTeamCountry "GER"]
[BlackTeamCountry "GER"]

1. d4 Nf6 2. c4 e5 3. dxe5 Ng4 4. Nf3 Nc6 5. Bg5 Be7 6. Bxe7 Qxe7 7. Nc3 Ngxe5
8. e3 O-O 9. Nd5 Qd8 10. b4 d6 11. Nxe5 Nxe5 12. Be2 Be6 13. Rc1 Re8 14. O-O a5
15. a3 axb4 16. axb4 Nc6 17. b5 Ne5 18. b6 cxb6 19. Rb1 Ra2 20. Nxb6 Bf5 21.
Rb5 Be4 22. Nd5 Rxe2 23. Qxe2 Bd3 24. Qd1 Bxc4 25. Rxb7 Bxf1 26. Kxf1 Qh4 27.
h3 h6 28. Qb3 Qh5 29. Nf4 Qf5 30. Rb8 Qd7 31. Rb6 Rc8 32. Qd1 Nc4 33. Rb3 Qa4
34. Rd3 Qa6 35. Kg1 Rb8 36. Rc3 Qa2 37. Rc2 Qb3 38. Kh2 Qb5 39. Qe2 Rc8 40. Qd3
Qa4 41. Nd5 Rc5 42. Qe4 Nb6 43. Qxa4 Nxa4 44. Ra2 Rxd5 1/2-1/2

[Event "1516VL"]
[Site "Mecklenburg-Vorpommern"]
[Date "2015.11.15"]
[Round "3.4"]
[White "Giese, Guido"]
[Black "Bauer, Norbert"]
[Result "1/2-1/2"]
[WhiteElo "1856"]
[BlackElo "1974"]
[PlyCount "39"]
[EventDate "2015.10.11"]
[EventType "team-tourn"]
[EventRounds "9"]
[EventCountry "GER"]
[SourceDate "2015.09.20"]
[WhiteTeam "SFO Warnemuende"]
[BlackTeam "SAV Torgelow"]
[WhiteTeamCountry "GER"]
[BlackTeamCountry "GER"]

1. e4 c5 2. Nf3 Nc6 3. Bb5 d6 4. O-O Bd7 5. c3 Nf6 6. Re1 a6 7. Ba4 b5 8. Bc2
Bg4 9. d3 g6 10. Nbd2 Bh6 11. h3 Bxf3 12. Nxf3 Bxc1 13. Rxc1 e5 14. d4 O-O 15.
dxc5 dxc5 16. Qxd8 Rfxd8 17. Red1 Kf8 18. Kf1 Ke7 19. Ke2 h6 20. Rxd8 1/2-1/2

[Event "1516VL"]
[Site "Mecklenburg-Vorpommern"]
[Date "2015.11.15"]
[Round "3.5"]
[White "Lehmann, Ruben"]
[Black "Feindura, Rene"]
[Result "1-0"]
[WhiteElo "1885"]
[BlackElo "1843"]
[PlyCount "69"]
[EventDate "2015.10.11"]
[EventType "team-tourn"]
[EventRounds "9"]
[EventCountry "GER"]
[SourceDate "2015.09.20"]
[WhiteTeam "SAV Torgelow"]
[BlackTeam "SFO Warnemuende"]
[WhiteTeamCountry "GER"]
[BlackTeamCountry "GER"]

1. d4 Nf6 2. Nf3 g6 3. c4 Bg7 4. Nc3 O-O 5. e4 d6 6. Be2 e5 7. O-O Nc6 8. d5
Ne7 9. Ne1 Nd7 10. Be3 f5 11. f3 f4 12. Bf2 g5 13. Nb5 a6 14. Na7 Rxa7 15. Bxa7
b6 16. b4 Bb7 17. c5 dxc5 18. bxc5 Nxc5 19. Rc1 Qd6 20. Nd3 Nxd3 21. Bxd3 Ra8
22. Qc2 Rxa7 23. Qxc7 Nc8 24. Rc6 Qxc7 25. Rxc7 Bf8 26. Rfc1 Bc5+ 27. Kf1 Nd6
28. Rd7 Nb5 29. Bc4 Nd6 30. Bb3 a5 31. Ke1 a4 32. Bd1 Nb5 33. Be2 Be3 34. Rc2
Nd4 35. Rcc7 {ZÜ} 1-0

[Event "1516VL"]
[Site "Mecklenburg-Vorpommern"]
[Date "2015.11.15"]
[Round "3.6"]
[White "Schmidt, Reinhard"]
[Black "Onasch, Paul"]
[Result "1/2-1/2"]
[WhiteElo "1795"]
[BlackElo "1944"]
[PlyCount "39"]
[EventDate "2015.10.11"]
[EventType "team-tourn"]
[EventRounds "9"]
[EventCountry "GER"]
[SourceDate "2015.09.20"]
[WhiteTeam "SFO Warnemuende"]
[BlackTeam "SAV Torgelow"]
[WhiteTeamCountry "GER"]
[BlackTeamCountry "GER"]

1. g4 d5 2. Bg2 c6 3. g5 e5 4. d4 Nd7 5. dxe5 Nxe5 6. Qd4 Ng6 7. h4 Qb6 8. Be3
Qxd4 9. Bxd4 Nf4 10. Bf3 Bf5 11. c3 Ne6 12. Be5 f6 13. gxf6 Nxf6 14. Nd2 O-O-O
15. Nh3 Bd6 16. Bxd6 Rxd6 17. Ng5 Rf8 18. Rg1 g6 19. Nb3 Kb8 20. Nxe6 1/2-1/2

[Event "1516VL"]
[Site "Mecklenburg-Vorpommern"]
[Date "2015.11.15"]
[Round "3.7"]
[White "Massloch, Philipp"]
[Black "Birnbaum, Wolf Dieter"]
[Result "1-0"]
[WhiteElo "1663"]
[BlackElo "1782"]
[PlyCount "83"]
[EventDate "2015.10.11"]
[EventType "team-tourn"]
[EventRounds "9"]
[EventCountry "GER"]
[SourceDate "2015.09.20"]
[WhiteTeam "SAV Torgelow"]
[BlackTeam "SFO Warnemuende"]
[WhiteTeamCountry "GER"]
[BlackTeamCountry "GER"]

1. e4 Nf6 2. e5 Nd5 3. d4 d6 4. c4 Nb6 5. exd6 cxd6 6. Nc3 g6 7. Be3 Bg7 8. Rc1
O-O 9. b3 Nc6 10. d5 Ne5 11. Nf3 Bg4 12. Be2 Bxf3 13. Bxf3 Nxf3+ 14. Qxf3 Nd7
15. O-O a6 16. Qe2 Re8 17. Qd2 Rc8 18. Bh6 Bh8 19. f4 b5 20. Ne4 Qb6+ 21. Kh1
bxc4 22. bxc4 Qd4 23. Qxd4 Bxd4 24. f5 Ne5 25. f6 Nxc4 26. fxe7 Rxe7 27. Nf6+
Bxf6 28. Rxf6 Nb6 29. Rd1 Re5 30. Rxd6 Rh5 31. Rxb6 Rxh6 32. Rc6 Rd8 33. Rxa6
Rh5 34. d6 f6 35. Ra7 Re5 36. Kg1 Re6 37. d7 Kf7 38. a4 Ke7 39. a5 Kf7 40. a6
Kf8 41. Ra1 Rd6 42. Rb7 1-0

[Event "1516VL"]
[Site "Mecklenburg-Vorpommern"]
[Date "2015.11.15"]
[Round "3.8"]
[White "Boecking, Uwe"]
[Black "Kasel, Alexander"]
[Result "0-1"]
[WhiteElo "1738"]
[BlackElo "1607"]
[PlyCount "56"]
[EventDate "2015.10.11"]
[EventType "team-tourn"]
[EventRounds "9"]
[EventCountry "GER"]
[SourceDate "2015.09.20"]
[WhiteTeam "SFO Warnemuende"]
[BlackTeam "SAV Torgelow"]
[WhiteTeamCountry "GER"]
[BlackTeamCountry "GER"]

1. e4 c5 2. Nf3 e6 3. d4 cxd4 4. Nxd4 a6 5. Bd3 Qc7 6. O-O Nf6 7. Be3 Be7 8.
Nc3 d6 9. f4 Nbd7 10. g4 h6 11. Qf3 b6 12. Rae1 Bb7 13. Bf2 O-O-O 14. Qe2 g5
15. Bxa6 gxf4 16. Ndb5 Bxa6 17. Nxd6+ Bxd6 18. Qxa6+ Qb7 19. Qd3 Ne5 20. Qb5
Nf3+ 21. Kh1 Nxe1 22. Rxe1 Bc7 23. Bh4 Nxe4 24. Nxe4 Rd4 25. Qe2 f5 26. gxf5
exf5 27. Qb5 Rf8 28. Be7 Rxe4 0-1

[Event "1516VL"]
[Site "Mecklenburg-Vorpommern"]
[Date "2015.11.15"]
[Round "3.1"]
[White "Weyrich, Morten"]
[Black "Littke, Helmut"]
[Result "1-0"]
[WhiteElo "2194"]
[BlackElo "1954"]
[PlyCount "117"]
[EventDate "2015.10.11"]
[EventType "team-tourn"]
[EventRounds "9"]
[EventCountry "GER"]
[SourceDate "2015.09.20"]
[WhiteTeam "SF Schwerin III"]
[BlackTeam "ASV GW Wismar "]
[WhiteTeamCountry "GER"]
[BlackTeamCountry "GER"]

1. d4 d5 2. Bf4 e6 3. e3 c5 4. Nf3 Nf6 5. Be2 Be7 6. dxc5 Nbd7 7. Bd6 Nxc5 8.
Bxe7 Qxe7 9. O-O O-O 10. c4 dxc4 11. Bxc4 b6 12. Nc3 Bb7 13. Qe2 Nce4 14. Nxe4
Nxe4 15. Rac1 Rac8 16. Ba6 Nc5 17. Bxb7 Qxb7 18. Nd4 Nd7 19. Rfd1 Rxc1 20. Rxc1
Rc8 21. Rd1 Nf6 22. Nb5 Qe7 23. Qd3 h6 24. h3 Nd5 25. a3 a6 26. Nd4 b5 27. Qe4
Nf6 28. Qf3 Qc7 29. g4 Rd8 30. Kg2 Rd5 31. Rd3 e5 32. Rc3 Qd7 33. Nf5 Kh7 34.
Ng3 a5 35. Ne4 Nxe4 36. Qxe4+ g6 37. Rc7 Qxc7 38. Qxd5 b4 39. a4 Kg7 40. Kf3 f6
41. Kg2 Kh7 42. h4 Kg7 43. h5 Qc8 44. Qe4 gxh5 45. gxh5 Qe8 46. Qg4+ Kh7 47.
Kf3 Qf7 48. Qf5+ Kg7 49. Kg3 Qe8 50. f4 exf4+ 51. Kxf4 Qb8+ 52. Kf3 Qb7+ 53.
Kf2 Qf7 54. Qxa5 Qb3 55. Qc7+ Kg8 56. Qd8+ Kf7 57. Qd7+ Kf8 58. Qd4 Qc2+ 59.
Kg3 1-0

[Event "1516VL"]
[Site "Mecklenburg-Vorpommern"]
[Date "2015.11.15"]
[Round "3.2"]
[White "Kliewe, Hans Juergen"]
[Black "Hornych, Christoph"]
[Result "1/2-1/2"]
[WhiteElo "1964"]
[BlackElo "2028"]
[PlyCount "39"]
[EventDate "2015.10.11"]
[EventType "team-tourn"]
[EventRounds "9"]
[EventCountry "GER"]
[SourceDate "2015.09.20"]
[WhiteTeam "ASV GW Wismar "]
[BlackTeam "SF Schwerin III"]
[WhiteTeamCountry "GER"]
[BlackTeamCountry "GER"]

1. d4 Nf6 2. Nf3 c5 3. c3 e6 4. Bg5 h6 5. Bxf6 gxf6 6. e4 d5 7. exd5 Qxd5 8.
Nbd2 cxd4 9. Nxd4 Nc6 10. Nxc6 bxc6 11. Be2 Rb8 12. Nb3 Rg8 13. Bf3 Qe5+ 14.
Qe2 Qxe2+ 15. Bxe2 c5 16. O-O Bd6 17. g3 Ke7 18. Rad1 Bd7 19. Rfe1 a5 20. Nxa5
1/2-1/2

[Event "1516VL"]
[Site "Mecklenburg-Vorpommern"]
[Date "2015.11.15"]
[Round "3.3"]
[White "Kutschke, Peter"]
[Black "Stutz, Reno"]
[Result "1/2-1/2"]
[WhiteElo "2000"]
[BlackElo "1933"]
[PlyCount "33"]
[EventDate "2015.10.11"]
[EventType "team-tourn"]
[EventRounds "9"]
[EventCountry "GER"]
[SourceDate "2015.09.20"]
[WhiteTeam "SF Schwerin III"]
[BlackTeam "ASV GW Wismar "]
[WhiteTeamCountry "GER"]
[BlackTeamCountry "GER"]

1. e4 c5 2. c4 Nc6 3. Ne2 Nf6 4. Nbc3 e6 5. d4 d5 6. cxd5 exd5 7. exd5 Nxd5 8.
dxc5 Nxc3 9. Qxd8+ Kxd8 10. Nxc3 Bxc5 11. Bg5+ f6 12. O-O-O+ Ke7 13. Re1+ Kf7
14. Bc4+ Kg6 15. Be3 Bxe3+ 16. Rxe3 h5 17. Nd5 1/2-1/2

[Event "1516VL"]
[Site "Mecklenburg-Vorpommern"]
[Date "2015.11.15"]
[Round "3.4"]
[White "Schulz, Bernd"]
[Black "Wandel, Bernd"]
[Result "1/2-1/2"]
[WhiteElo "1882"]
[BlackElo "2023"]
[PlyCount "81"]
[EventDate "2015.10.11"]
[EventType "team-tourn"]
[EventRounds "9"]
[EventCountry "GER"]
[SourceDate "2015.09.20"]
[WhiteTeam "ASV GW Wismar "]
[BlackTeam "SF Schwerin III"]
[WhiteTeamCountry "GER"]
[BlackTeamCountry "GER"]

1. e4 c6 2. d4 d5 3. exd5 cxd5 4. Nf3 Nc6 5. c4 Nf6 6. Nc3 e6 7. Bd3 Be7 8. O-O
O-O 9. Bf4 Nb4 10. Be2 dxc4 11. Bxc4 b6 12. Rc1 Bb7 13. Ne5 Rc8 14. Bb3 Nbd5
15. Bg3 Bb4 16. Qd3 Nxc3 17. bxc3 Ba3 18. Rcd1 Ne4 19. c4 f6 20. Nf3 Nxg3 21.
hxg3 Bb4 22. Bc2 g6 23. Qb3 Ba5 24. Bd3 Bxf3 25. gxf3 Qxd4 26. Bxg6 Qxc4 27.
Qxc4 Rxc4 28. Bd3 Rc3 29. Kg2 Rf7 30. Bb1 Bb4 31. Rc1 Rxc1 32. Rxc1 Bc5 33. Rd1
f5 34. a4 Kg7 35. f4 Re7 36. Re1 Kf6 37. Ba2 Bd4 38. Re2 Bc3 39. Rc2 Rc7 40.
Re2 Re7 41. Rc2 1/2-1/2

[Event "1516VL"]
[Site "Mecklenburg-Vorpommern"]
[Date "2015.11.15"]
[Round "3.5"]
[White "Wagner, Ralph"]
[Black "Podolskiy, Alexander"]
[Result "1-0"]
[WhiteElo "1989"]
[BlackElo "1871"]
[PlyCount "81"]
[EventDate "2015.10.11"]
[EventType "team-tourn"]
[EventRounds "9"]
[EventCountry "GER"]
[SourceDate "2015.09.20"]
[WhiteTeam "SF Schwerin III"]
[BlackTeam "ASV GW Wismar "]
[WhiteTeamCountry "GER"]
[BlackTeamCountry "GER"]

1. d4 d5 2. c4 e6 3. Nc3 Nf6 4. Nf3 b6 5. Bf4 Bd6 6. Ne5 c6 7. e3 O-O 8. Qc2
Ba6 9. Bg5 g6 10. Nf3 dxc4 11. h4 h5 12. O-O-O Qe7 13. Bxf6 Qxf6 14. Ne4 Qe7
15. Nxd6 Qxd6 16. Bxc4 Bxc4 17. Qxc4 Nd7 18. Kb1 a5 19. Rc1 Rfc8 20. Rhd1 a4
21. Qe2 b5 22. Ng5 f6 23. Ne4 Qe7 24. Nc5 Nxc5 25. Rxc5 f5 26. Qc2 Ra6 27. g3
Rb6 28. Rc1 Kf7 29. f3 Qd6 30. g4 Qg3 31. gxh5 Qxf3 32. hxg6+ Kxg6 33. Re5 Kf6
34. Qc5 Rb7 35. Qd6 Re7 36. d5 Rce8 37. dxc6 Rc8 38. Qd4 Kf7 39. e4 f4 40. Rg5
Rg8 41. Rxg8 1-0

[Event "1516VL"]
[Site "Mecklenburg-Vorpommern"]
[Date "2015.11.15"]
[Round "3.6"]
[White "Borchert, Ulf"]
[Black "Helms, Sven"]
[Result "0-1"]
[WhiteElo "1822"]
[BlackElo "1941"]
[PlyCount "89"]
[EventDate "2015.10.11"]
[EventType "team-tourn"]
[EventRounds "9"]
[EventCountry "GER"]
[SourceDate "2015.09.20"]
[WhiteTeam "ASV GW Wismar "]
[BlackTeam "SF Schwerin III"]
[WhiteTeamCountry "GER"]
[BlackTeamCountry "GER"]

1. d4 e6 2. Nf3 f5 3. g3 Nf6 4. Bg2 d5 5. Bf4 Be7 6. Nbd2 O-O 7. O-O c5 8. c3
Nc6 9. e3 Bd7 10. Ne5 Nxe5 11. Bxe5 Qb6 12. Qb3 Qxb3 13. axb3 Bc6 14. Nf3 Nd7
15. dxc5 Nxc5 16. Nd2 Nd7 17. Nf3 Bb5 18. Rfe1 Nxe5 19. Nxe5 Bf6 20. f4 Bxe5
21. fxe5 a5 22. Rec1 Bc6 23. c4 Rfd8 24. cxd5 Bxd5 25. Bxd5 Rxd5 26. Rc7 b6 27.
Rac1 Rad8 28. R1c2 Rd1+ 29. Kf2 R8d2+ 30. Rxd2 Rxd2+ 31. Kf3 Rxb2 32. Rc6 Rxb3
33. Rxe6 Kf7 34. Rc6 a4 35. Kf4 g6 36. Rc7+ Ke6 37. Rxh7 Rb4+ 38. Kf3 Kxe5 39.
Rg7 g5 40. Ra7 g4+ 41. Kf2 Ke4 42. h4 gxh3 43. Kg1 Kxe3 44. Kh2 f4 45. gxf4 0-1

[Event "1516VL"]
[Site "Mecklenburg-Vorpommern"]
[Date "2015.11.15"]
[Round "3.8"]
[White "Pentzien, Volker"]
[Black "Dittrich, Carsten"]
[Result "1/2-1/2"]
[WhiteElo "1810"]
[BlackElo "1828"]
[PlyCount "32"]
[EventDate "2015.10.11"]
[EventType "team-tourn"]
[EventRounds "9"]
[EventCountry "GER"]
[SourceDate "2015.09.20"]
[WhiteTeam "ASV GW Wismar "]
[BlackTeam "SF Schwerin III"]
[WhiteTeamCountry "GER"]
[BlackTeamCountry "GER"]

1. e4 e5 2. Nf3 Nc6 3. Bb5 a6 4. Ba4 Nf6 5. O-O Be7 6. Re1 b5 7. Bb3 O-O 8. c3
d5 9. exd5 Nxd5 10. Nxe5 Nxe5 11. Rxe5 c6 12. d4 Bd6 13. Re1 Qh4 14. g3 Qh3 15.
Bxd5 cxd5 16. Qf3 Bg4 1/2-1/2

[Event "1516VL"]
[Site "Mecklenburg-Vorpommern"]
[Date "2015.11.15"]
[Round "3.1"]
[White "Waschk, Armin"]
[Black "Rossmann, Andreas"]
[Result "1-0"]
[WhiteElo "2099"]
[BlackElo "1919"]
[PlyCount "66"]
[EventDate "2015.10.11"]
[EventType "team-tourn"]
[EventRounds "9"]
[EventCountry "GER"]
[SourceDate "2015.09.20"]
[WhiteTeam "SG Guestrow/Teterow"]
[BlackTeam "SG Neubrandenburg"]
[WhiteTeamCountry "GER"]
[BlackTeamCountry "GER"]

1. e4 d6 2. d4 Nf6 3. Nc3 g6 4. Be3 Bg7 5. Qd2 Ng4 6. O-O-O Nxe3 7. Qxe3 c6 8.
h4 h5 9. f4 Bg4 10. Nf3 Nd7 11. Kb1 Qb6 12. e5 d5 13. Rd2 e6 14. Ng5 O-O 15.
Be2 Bxe2 16. Qxe2 c5 17. Na4 Qa5 18. Nxc5 Nxc5 19. dxc5 Rfc8 20. g4 hxg4 21. h5
gxh5 22. Rxh5 Rxc5 23. Qh2 Rc7 24. c3 Rac8 25. Rh8+ Bxh8 26. Qh7+ Kf8 27. Qxh8+
Ke7 28. Qf6+ Kd7 29. Qxf7+ Kc6 30. Qxe6+ Kb5 31. Rxd5+ Rc5 32. b4 Qa4 33. Qd7+
R8c6 1-0

[Event "1516VL"]
[Site "Mecklenburg-Vorpommern"]
[Date "2015.11.15"]
[Round "3.2"]
[White "Stoevesand, Peter"]
[Black "Dettmann, Gerd"]
[Result "0-1"]
[WhiteElo "1864"]
[BlackElo "2081"]
[PlyCount "130"]
[EventDate "2015.10.11"]
[EventType "team-tourn"]
[EventRounds "9"]
[EventCountry "GER"]
[SourceDate "2015.09.20"]
[WhiteTeam "SG Neubrandenburg"]
[BlackTeam "SG Guestrow/Teterow"]
[WhiteTeamCountry "GER"]
[BlackTeamCountry "GER"]

1. e4 c5 2. Nf3 d6 3. d4 cxd4 4. Nxd4 Nf6 5. Nc3 a6 6. Be2 b5 7. a3 Bb7 8. Bf3
Nbd7 9. Bg5 e6 10. Qe2 Be7 11. O-O-O O-O 12. e5 Bxf3 13. Nxf3 dxe5 14. Nxe5 Nd5
15. Bxe7 Qxe7 16. Nxd7 Qxd7 17. Nxd5 exd5 18. Qf3 Rad8 19. Rhe1 Qc6 20. h3 Rd7
21. Rd3 h6 22. Kb1 Rfd8 23. Red1 a5 24. Qg4 Rd6 25. Qd4 Qc4 26. Qxc4 bxc4 27.
Rd4 a4 28. f4 Kf8 29. g4 Ke7 30. c3 R8d7 31. Kc2 Kd8 32. f5 g6 33. Rf1 Rf6 34.
Rdf4 g5 35. Rd4 Kc7 36. Re1 Rfd6 37. Re8 Rd8 38. Re7+ R6d7 39. Re5 Kc6 40. Rd2
Rh8 41. Rde2 h5 42. Re8 Rxe8 43. Rxe8 hxg4 44. hxg4 Kd6 45. f6 Kc6 46. Ra8 Rd6
47. Rxa4 Kd7 48. Kd2 Ke6 49. Ra7 Rb6 50. Ke3 Rxb2 51. Kd4 Rd2+ 52. Kc5 Kxf6 53.
a4 Rd3 54. Kb4 Rg3 55. a5 Rxg4 56. Rd7 Ke6 57. a6 Rg1 58. Rd8 Ra1 59. Re8+ Kd6
60. Rd8+ Ke5 61. Kc5 Rxa6 62. Rxd5+ Kf4 63. Kxc4 g4 64. Kd3 Re6 65. Rd7 f5 0-1

[Event "1516VL"]
[Site "Mecklenburg-Vorpommern"]
[Date "2015.11.15"]
[Round "3.3"]
[White "Luther, Alexander"]
[Black "Kunow, Frank"]
[Result "1/2-1/2"]
[WhiteElo "1961"]
[BlackElo "1860"]
[PlyCount "107"]
[EventDate "2015.10.11"]
[EventType "team-tourn"]
[EventRounds "9"]
[EventCountry "GER"]
[SourceDate "2015.09.20"]
[WhiteTeam "SG Guestrow/Teterow"]
[BlackTeam "SG Neubrandenburg"]
[WhiteTeamCountry "GER"]
[BlackTeamCountry "GER"]

1. e4 g6 2. d4 Bg7 3. Be3 d6 4. Nf3 Nd7 5. Nc3 a6 6. Qd2 b5 7. Rd1 Bb7 8. Be2
Ngf6 9. Bh6 Bxh6 10. Qxh6 b4 11. e5 bxc3 12. exf6 Nxf6 13. bxc3 e6 14. O-O Ng4
15. Qf4 h5 16. h3 Qf6 17. Qd2 Nh6 18. Rb1 Bc6 19. c4 Qg7 20. Qa5 O-O 21. d5
exd5 22. cxd5 Bb5 23. c4 Bd7 24. Qxc7 Bf5 25. Rb6 Rfe8 26. Re1 Be4 27. Bd1 Bxf3
28. Rxe8+ Rxe8 29. Bxf3 Re1+ 30. Kh2 Qe5+ 31. g3 Rc1 32. Rb8+ Kh7 33. Qd8 Qd4
34. Qb6 Qd2 35. Qb2 Qxb2 36. Rxb2 Rxc4 37. Rb6 Rc2 38. Rxa6 Rxf2+ 39. Bg2 Nf5
40. Kg1 Rd2 41. Ra3 Kg7 42. Be4 Kf6 43. Rf3 Rxa2 44. g4 hxg4 45. hxg4 Ke5 46.
Bxf5 gxf5 47. Rxf5+ Ke4 48. Rxf7 Kxd5 49. g5 Ke6 50. Rf6+ Ke5 51. Rf8 Ra4 52.
Kf2 Rg4 53. Rg8 Kf5 54. Rd8 1/2-1/2

[Event "1516VL"]
[Site "Mecklenburg-Vorpommern"]
[Date "2015.11.15"]
[Round "3.4"]
[White "Pruesse, Horst"]
[Black "Fidorra, Thomas"]
[Result "1-0"]
[WhiteElo "1976"]
[BlackElo "1940"]
[PlyCount "87"]
[EventDate "2015.10.11"]
[EventType "team-tourn"]
[EventRounds "9"]
[EventCountry "GER"]
[SourceDate "2015.09.20"]
[WhiteTeam "SG Neubrandenburg"]
[BlackTeam "SG Guestrow/Teterow"]
[WhiteTeamCountry "GER"]
[BlackTeamCountry "GER"]

1. e4 c5 2. d4 cxd4 3. c3 Nf6 4. e5 Nd5 5. Qxd4 e6 6. Bc4 Nc6 7. Qe4 Nb6 8. Bd3
d5 9. Qe2 Qc7 10. Nf3 Nb4 11. Bb5+ Bd7 12. Na3 Nc6 13. Nc2 a6 14. Bd3 Rc8 15.
O-O Be7 16. Re1 Na4 17. Ncd4 Nc5 18. Bc2 Nxd4 19. Nxd4 Qb6 20. a4 a5 21. Qg4
Kf8 22. Re3 h5 23. Rh3 g6 24. Qf4 g5 25. Qe3 g4 26. Rg3 Bh4 27. b4 Ne4 28. Bxe4
dxe4 29. Ba3 Ke8 30. Nb5 Qxe3 31. Nd6+ Ke7 32. Nxc8+ Rxc8 33. Rxe3 Bg5 34. Rxe4
Rxc3 35. b5+ Ke8 36. Ree1 Bc8 37. Bc1 Bd8 38. Be3 Rb3 39. Reb1 Rd3 40. Rc1 Bd7
41. Rd1 Rb3 42. Rd2 Be7 43. Rad1 Bc8 44. Rc2 1-0

[Event "1516VL"]
[Site "Mecklenburg-Vorpommern"]
[Date "2015.11.15"]
[Round "3.5"]
[White "Dettmann, Holger"]
[Black "Witkowski, Rainer"]
[Result "1/2-1/2"]
[WhiteElo "1919"]
[BlackElo "1835"]
[PlyCount "39"]
[EventDate "2015.10.11"]
[EventType "team-tourn"]
[EventRounds "9"]
[EventCountry "GER"]
[SourceDate "2015.09.20"]
[WhiteTeam "SG Guestrow/Teterow"]
[BlackTeam "SG Neubrandenburg"]
[WhiteTeamCountry "GER"]
[BlackTeamCountry "GER"]

1. d4 e6 2. e3 f5 3. Bd3 Nf6 4. Ne2 d5 5. f3 Bd6 6. O-O O-O 7. Nd2 Nbd7 8. c3
b6 9. f4 c5 10. Nf3 c4 11. Bc2 Ne4 12. Bxe4 fxe4 13. Ne5 b5 14. Bd2 a5 15. Ng3
Nf6 16. Be1 Bd7 17. Nh5 Be8 18. Nxf6+ Qxf6 19. Qg4 Be7 20. a3 1/2-1/2

[Event "1516VL"]
[Site "Mecklenburg-Vorpommern"]
[Date "2015.11.15"]
[Round "3.6"]
[White "Baier, Karsten"]
[Black "Kiel, Bernd"]
[Result "1/2-1/2"]
[WhiteElo "1850"]
[BlackElo "1914"]
[PlyCount "38"]
[EventDate "2015.10.11"]
[EventType "team-tourn"]
[EventRounds "9"]
[EventCountry "GER"]
[SourceDate "2015.09.20"]
[WhiteTeam "SG Neubrandenburg"]
[BlackTeam "SG Guestrow/Teterow"]
[WhiteTeamCountry "GER"]
[BlackTeamCountry "GER"]

1. d4 Nf6 2. c4 g6 3. Nc3 d5 4. cxd5 Nxd5 5. e4 Nxc3 6. bxc3 Bg7 7. Nf3 c5 8.
Bb5+ Nc6 9. O-O O-O 10. Be3 cxd4 11. cxd4 Bg4 12. Bxc6 bxc6 13. Rc1 Qd7 14. Qa4
Bxf3 15. gxf3 Qh3 16. Qxc6 Qxf3 17. e5 Qg4+ 18. Qg2 Qe6 19. Rc7 Rfd8 1/2-1/2

[Event "1516VL"]
[Site "Mecklenburg-Vorpommern"]
[Date "2015.11.15"]
[Round "3.7"]
[White "Ramp, Oliver"]
[Black "Winkler, Karl"]
[Result "1/2-1/2"]
[WhiteElo "1791"]
[BlackElo "1863"]
[PlyCount "31"]
[EventDate "2015.10.11"]
[EventType "team-tourn"]
[EventRounds "9"]
[EventCountry "GER"]
[SourceDate "2015.09.20"]
[WhiteTeam "SG Guestrow/Teterow"]
[BlackTeam "SG Neubrandenburg"]
[WhiteTeamCountry "GER"]
[BlackTeamCountry "GER"]

1. e4 e5 2. Nf3 Nc6 3. Bc4 Bc5 4. O-O Nf6 5. d3 h6 6. c3 O-O 7. b4 Bd6 8. h3 a6
9. a4 Be7 10. Re1 d6 11. Bb2 Bd7 12. Nbd2 Qc8 13. Nf1 Be6 14. Ne3 Bxc4 15. Nxc4
b5 16. Ne3 1/2-1/2